| 000 | 00863cam a22002657a 4500 | ||
|---|---|---|---|
| 003 | CHAP | ||
| 005 | 20220329140824.0 | ||
| 008 | 971013s r 00010 d | ||
| 010 | _a58146 | ||
| 011 | _a59118 | ||
| 035 | _a63275 | ||
| 040 | _cCHAP | ||
| 090 | _aR-53 | ||
| 100 | 0 | 0 |
_aSmith, Lyman Bradford. _9107076 |
| 245 | 0 | _aPlants collected in Ecuador by W. H. Camp. Bromeliaceae, Cannaceae, etc. | |
| 500 | _aSobretiro de : Memoirs of the New York Botanical Garden 8 (1) : 25-40, 1952 ; 9 (2) : 171-174, 1955 | ||
| 590 |
_aBATCH-UPD _b10 _c20130110 _lUCH01 _h0704 |
||
| 590 |
_aBATCH-UPD _b10 _c20130410 _lUCH01 _h0350 |
||
| 590 |
_aBATCH-UPD _b10 _c20130914 _lUCH01 _h0734 |
||
| 590 |
_aCONVERSION _b10 _c20130109 _lUCH01 _h1331 |
||
| 650 | 1 | 4 |
_aBotánica _xEcuador. _914534 |
| 901 | _aBK | ||
| 942 | _cREIMP | ||
| 949 |
_aR-53 _bBC _cR _d-135925 _eTS1 _i63275 _si |
||
| 999 |
_c58146 _d58146 |
||